Responses for Show #2634 - Thursday, February 1, 1996

Bill Sloan game 4.

Contestants

[<< previous game]

Eitan Ginsburg, an executive director from Woodland Hills, California

Frank Lowther Jr., a research scientist from Los Angeles, California

Bill Sloan, a real estate broker from Mission Viejo, California (whose 3-day cash winnings total $34,000)

[next game >>]

Jeopardy! Round responses

WORLD CITIES
SPORTS
MAGAZINES
RED
LETTER
DAYS
    $100 1
Edinburgh

Bill
    $100 26
Atlanta Braves & Cleveland Indians

Triple Stumper
    $100 7
National Geographic

Bill
    $100 21
Mars

Bill
    $100 16
Abraham Lincoln

Eitan
    $100 6
(Eitan: What is minister?)

printer

BillEitan
    $200 2
Rome

Eitan
    $200 27
Joe Montana

Bill
    $200 8
(Bill: What is Zane Grey?)

Louis L'Amour

BillEitan
    $200 22
lung

Frank
    $200 17
Louisa May Alcott

Frank
    $200 12
Doris Day

Bill
    $300 3
Mecca

Bill
    $300 28
Coors

Bill
    $300 9
(Bill: What is TV Guide?)

People

Bill
Triple Stumper
    $300 23
cardinals

Bill
    $300 18
(Douglas) MacArthur

Eitan
    $300 13
(Bill: What is five cents?)

penny

BillEitan
    $400 4
Ho Chi Minh City

Bill
    $400 29
golf

Bill
    $400 10
Reader's Digest

Bill
    $400 24
beets

Bill
    $400 19
Émile Zola

Eitan
    $400 14
Supreme Court

Frank
    $500 5
Hamburg

Eitan
    $500 30
Iditarod

Bill
    $500 11
Vanity Fair

Triple Stumper
    $500 25
(Eitan: Who is Red Rose?)

Rose Red

FrankEitan
    $500 20
encyclicals

Eitan
    $500 15
Dennis Day

Bill

Scores at the first commercial break (after clue 15):

Bill Frank Eitan
$1,300 $400 $1,100

Scores at the end of the Jeopardy! Round:

Bill Frank Eitan
$3,500 $1,300 $1,900

Double Jeopardy! Round responses

MYTHOLOGY
PRESIDENTIAL NEWS
FICTIONAL CHARACTERS
HISTORY
NUTRITION & HEALTH
TAKE THE "EL"
    $200 13
Hercules

Bill
    $200 6
George Bush

Bill
    $200 25
One Flew Over the Cuckoo's Nest

Bill
    $200 2
Tigris & Euphrates

Frank
    $200 1
whites

Bill
    $200 14
El Paso

Frank
    $400 20
Poseidon

Bill
    $400 7
Richard Nixon

Bill
    $400 26
Twenty Thousand Leagues Under the Sea

Bill
    $400 4
Bismarck

Eitan
    $400 3
seaweed

Bill
    $400 17
El Cid

Bill
    $600 21
Style

Eitan
    $600 8
Tip O'Neill

Eitan
    $600 27
Deliverance

Bill
    $600 5
(Frank: What is the Dutch East Indies Company?)

Dutch East India Company

BillFrank
    $600 15
iron

Frank
    $600 18
El Salvador

Frank
    $800 22
Harpies

Bill
    $800 10
(Jimmy) Carter

Frank
    $800 28
Dracula

Frank
    $800 9
Persia

Bill
    $800 16
potassium

Bill
    $800 23
El Dorado

Frank
    $1000 30
Athena

Eitan
    $1000 12
Franklin Roosevelt

Eitan
    $2,000 29
Lord of the Flies

Frank
    $1000 11
Huguenots

Bill
    $2,000 19
(Frank: What are glycerides?)

triglycerides

Frank
    $1000 24
El Nino

Bill

Scores at the end of the Double Jeopardy! Round:

Bill Frank Eitan
$11,900 $4,700 $5,500
(lock game)

[wagering suggestions for these scores]

Final Jeopardy! Round responses

POETS
FrankWho is [something small scribbled over--perhaps "Carl"] Carl Sandburg?
$900
EitanWho is Sandberg
$4,000
BillWho is Carl Sandburg?
$800
Carl Sandburg

Final scores:

Bill Frank Eitan
$12,700 $5,600 $9,500
4-day champion: $46,700 3rd place: Lacroix man's or lady's watches + selection of Jeopardy! games & Jeopardy! Scorekeeper from ITV 2nd place: Broyhill Fontana Collection furniture & Samsung VCR + selection of Jeopardy! games & Jeopardy! Scorekeeper from ITV

Game dynamics:

Coryat scores:

Bill Frank Eitan
$11,900 $5,700 $5,500
31 R,
3 W
12 R
(including 1 DD),
2 W
(including 1 DD)
13 R
(including 1 DD),
2 W

Combined Coryat: $23,100

[game clues] [game scores] [suggest correction]

Game tape date: Unknown
The J! Archive is created by fans, for fans. Scraping, republication, monetization, and malicious use prohibited; this site may use cookies and collect identifying information. See terms. The Jeopardy! game show and all elements thereof, including but not limited to copyright and trademark thereto, are the property of Jeopardy Productions, Inc. and are protected under law. This website is not affiliated with, sponsored by, or operated by Jeopardy Productions, Inc. Join the discussion at JBoard.tv.